000 00555nam a2200217Ia 4500
003 OSt
005 20230516150405.0
008 210423s1979 xx 000 0 und d
040 _cAL
041 _aeng
082 _a338.954
_223
_bPUTE
100 _aPUTTASWAMAIAH (K)
_9105717
245 _aEconomic development of karnataka
260 _aNew Delhi
_bWiley and Sons
_c1979
365 _cINR
440 _v1
650 _aEconomics
_9105718
650 _aIndian Economy
_9105719
906 _adevelopment ; Economic ; karnataka
942 _2ddc
_cBK
999 _c172241
_d172241